000
00369cam a2200157ua 4500
041
_a
eng
_h
082
_a
925
_b
LEN/GR
100
_a
Lenard, Philipp .
245
_a
Great men of science : A history of scientific progress
260
_a
:
_b
G. Bell & Sons ,
_c
1958.
300
_a
389 ; .
504
_a
942
_c
BK
999
_c
611
_d
611